NFL Reciving Leaders - Statistics

General Stats
  • This quiz has been taken 151 times
  • The average score is 7 of 15
Answer Stats
Receiving Yards Answer % Correct
22,895 Jerry Rice
95%
15,292 Randy Moss
87%
14,185 Andre Johnson
65%
15,934 Terrell Owens
64%
17,492 Larry Fitzgerald
60%
14,934 Tim Brown
60%
14,580 Marvin Harrison
45%
13,899 Cris Carter
39%
14,731 Steve Smith
37%
15,127 Tony Gonzalez
36%
15,208 Isaac Bruce
34%
14,345 Reggie Wayne
28%
14,004 James Lofton
14%
13,779 Anquan Boldin
13%
13,777 Henry Ellard
13%
No matching quizzes found
Score Distribution
Percent of People with Each Score
Percentile by Number Answered
Your Score History
You have not taken this quiz